000 00281nam a2200109Ia 4500
005 20251222114408.0
008 251222s1900||||xx |||||||||||||| ||spa||
082 _aDVD0120/S98/1992
245 0 _aPavarotti: 30 Anniversary gala concert
264 _bCorato, Ricardo Mario
942 _cDVD
999 _c1911
_d1911